000 00705nam a2200289Ia 4500
005 20260324143711.0
008 008 260324s9999 xx 000 0 eng d
020 _a9781315140575
037 _aEBOOK
040 _aCRL
040 _beng
040 _cCRL
041 _2eng
041 _aeng
084 _qCRL
100 _aAllan F.M. Barton
_91208352
245 0 _aCRC Handbook of Solubility Parameters and Other Cohesion Parameters
245 0 _bSecond Edition
260 _bTaylor and Francis
260 _c1991
365 _a
365 _b1320
856 _uhttp://www.taylorfrancis.com/books/9781315140575
942 _cEBOOK
999 _c1822313
_d1822313